|
|
|
|
| LEADER |
00000nab a2200000 a 4500 |
| 001 |
vtls000805634 |
| 003 |
SK-MaSNL |
| 005 |
20260304214813.0 |
| 008 |
250429c2002 xo 0 slo |
| 015 |
|
|
|a SNBRB2002/10-30083
|
| 035 |
|
|
|a CLN000157289
|
| 035 |
|
|
|a urn:nbn:sk:snk-ab31x1
|
| 035 |
|
|
|a (urnnbn)urn:nbn:sk:snk:ar-a05jap
|
| 035 |
|
|
|a (uuid)ae532dc6-84ab-4f96-97f8-03d788ae675a
|
| 040 |
|
|
|a SNKBUCL
|b slo
|c SNKBUCL
|e AACR2
|
| 041 |
0 |
|
|a slo
|
| 044 |
|
|
|a xo
|c SK
|
| 080 |
|
|
|a 616.89-008.45:616.894
|2 1997
|
| 100 |
1 |
|
|a Kolibáš, Eduard,
|d 1938-
|4 aut
|9 13608
|
| 245 |
1 |
0 |
|a Kognitívne poruchy - ich klasifikácia, diagnostika a liečba
|n 2.
|c Eduard Kolibáš
|
| 300 |
|
|
|b Grafy, tab.
|
| 504 |
|
|
|a Bibliogr. odkazy
|
| 650 |
0 |
7 |
|a terapia
|2 SNKPH
|9 781
|
| 650 |
0 |
7 |
|a diferenciálna diagnostika
|2 SNKPH
|9 69886
|
| 650 |
0 |
7 |
|a farmakoterapia
|2 SNKPH
|9 14158
|
| 650 |
0 |
7 |
|a inhibítory cholínesterázy
|2 SNK
|9 1306437
|
| 650 |
0 |
7 |
|a estrogény
|2 SNKPH
|9 15046
|
| 650 |
0 |
7 |
|a diagnóza
|2 SNKPH
|9 2604
|
| 650 |
0 |
7 |
|a psychológia
|2 SNKPH
|9 807
|
| 650 |
0 |
7 |
|a seniori
|2 SNKPH
|9 117453
|
| 650 |
0 |
7 |
|a kognitívne poruchy
|2 SNKPH
|9 108250
|
| 655 |
|
7 |
|a články z novín a časopisov
|2 SNK
|9 267496
|
| 773 |
0 |
|
|t Interná medicína s prílohou Všeobecné lekárstvo
|g Roč. 2, č. 4 (2002), s. 260-265
|x 1335-8359
|
| 850 |
|
|
|a Slovenská národná knižnica
|
| 852 |
|
|
|a Slovenská národná knižnica
|
| 954 |
|
|
|a odborná, vedecká literatúra pôvodná (slovenská)
|2 lita
|
| 958 |
|
|
|a article2022
|
| 958 |
|
|
|a MI
|
| 958 |
|
|
|a NB
|
| 958 |
|
|
|a OND
|
| 958 |
|
|
|a EUIPO
|
| 999 |
|
|
|c 3143341
|d 3145271
|